| 000 | 00598nam a2200205 a 4500 | ||
|---|---|---|---|
| 005 | 20140310183224.0 | ||
| 008 | 031218s19uu xx 00 eng d | ||
| 020 | _a0030460832 | ||
| 050 |
_aQP 34.5 _b.So689 1990 |
||
| 100 | _aSolomon | ||
| 245 |
_aBody-Art to accompany Human Anatomy and Physiology / _cSolomon. |
||
| 250 | _a2nd ed. | ||
| 260 |
_aPhiladelphia : _bSaunders College Pub., _c1990. |
||
| 300 |
_a176 p. : _bill. ; _c28 cm. |
||
| 521 | _aNUR | ||
| 650 |
_aHuman Physiology _xworkbook, etc. |
||
| 650 |
_aHuman Anatomy _xworkbook, etc. |
||
| 942 |
_cBK _2lcc _kFOR |
||
| 999 |
_c20372 _d20372 |
||